| 000 | 00928cam a2200241 4500 | ||
|---|---|---|---|
| 001 | ABS65641 | ||
| 008 | 020625n2002 000 0 eng u | ||
| 035 | _a(Sirsi) u118535 | ||
| 100 | _aPearce, R. | ||
| 245 | _aOf course you're competent - but can you prove it? | ||
| 260 | _c2002 | ||
| 490 |
_aMining Quarrying and Recycling _v31(4) May 2002, 18-22(3) |
||
| 520 | _aPaper about health and safety competence in the quarry industry. Government has launched a major initiative on improving the skills base of industry in the UK. The paper explores ways in which the quarry industry can measure standards, especially through continual professional development. | ||
| 590 | _aABS | ||
| 650 | _aQUARRY INDUSTRY | ||
| 650 | _aCONTINUING PROFESSIONAL DEVELOPMENT | ||
| 650 |
_aHEALTH AND SAFETY _96244 |
||
| 650 | _aHSE | ||
| 650 | _aCOMPETENCE | ||
| 650 | _aSTANDARDS | ||
| 690 | _aMINING AND MINERALS | ||
| 942 | _n0 | ||
| 999 |
_c70580 _d70580 |
||